000 00451nam a2200169Ia 4500
003 GCL
008 140319s9999 xx 000 0 eng d
040 _aGCL /
_cGCL
082 0 4 _a751.422
_bR L
100 1 _aRON, RANSON
245 1 0 _aLEARN WATERCOLOR THE EDGAR WHITNEY WAY /
_cRON, RANSON
260 _a[S.N] :
_bNORTH LIGHT BOOKS ،
_c198
300 _a132
650 0 4 _aWATER PAINTING TECHNIQUE
650 0 4 _aWHITNEY, EDGAR A
942 _2ddc
_cBK
999 _c24375
_d24375